[Event "Port of Dubuque op"]
[Site "Dubuque"]
[Date "2019.05.18"]
[Round "1"]
[White "Betaneli, Alexander"]
[Black "Fiedorowicz, Owen"]
[Result "0-1"]
[WhiteElo "2218"]
[BlackElo "1718"]
[PlyCount "102"]
[EventDate "2019.05.18"]
[EventType "swiss"]
[EventRounds "5"]
[EventCountry "USA"]
[SourceTitle "EXT 2020"]
[Source "ChessBase"]
[SourceDate "2019.10.17"]
[SourceVersion "1"]
[SourceVersionDate "2019.10.17"]
[SourceQuality "1"]

1. c4 e6 2. g3 d5 3. Bg2 Nf6 4. d4 Be7 5. Nf3 0-0 6. 0-0 dxc4 7. Na3 Bxa3 8. bxa3 b5 9. a4 a6 10. Ne5 Nd5 11. e4 Nc3 12. Qc2 Nxa4 13. Ba3 Qxd4 14. Nf3 Qc3 15. Qxc3 Nxc3 16. Bxf8 Kxf8 17. Rfe1 Bb7 18. Re3 Na4 19. Rd1 Ke7 20. e5 Nd7 21. h4 Ndc5 22. Bf1 Bxf3 23. Rxf3 Nb2 24. Rd4 Nbd3 25. Re3 Rd8 26. Rxd8 Kxd8 27. Bxd3 Nxd3 28. Kf1 Kd7 29. f4 Kc6 30. f5 Kd5 31. fxe6 Kxe6 32. Ke2 Nxe5 33. Ra3 Kd5 34. Rxa6 b4 35. Ra4 c5 36. Ra8 c3 37. h5 Nc4 38. Kd3 Na3 39. Ke2 c4 40. Rb8 Kc5 41. Rc8+ Kd4 42. Rd8+ Ke4 43. Rb8 Nc2 44. Kd1 Kd3 45. g4 Nd4 46. Rd8 c2+ 47. Kc1 b3 48. axb3 cxb3 49. Kb2 Ke3 50. Re8+ Kd2 51. Rc8 Ne2 0-1